000
00299nam a2200133 i 4500
001
bg
100
1
_a
MOREL, Pierre
245
0
_a
Carcassonne :
_b
La Cite' /
_c
Pierre Morel.
260
_a
Paris,
_c
1973.
040
_c
BPK
041
_a
pol
942
_c
KS
008
s pl f |000 0 pol
999
_c
26714
_d
26714